000 01083nam a2200253 u 4500
001 000002648
005 20250702113508.0
008 090703s2004 dr a 000 0 spa d
040 _aDO-SdBNP
_bspa
_cBNPHU
082 _a382.71097293
_bR696z
100 1 _aRodríguez, María Elizabeth
_98348
245 1 0 _aLas zonas francas en el siglo XXI :
_bopciones estratégicas para competir globalmente /
_cMaría Elizabeth Rodríguez ; prólogo Frederic Emam-Zadé Gerardino.
260 _aSanto Domingo :
_bFundación Global Democracia y Desarrollo,
_c2004.
300 _a175 p. :
_bil. ;
_c24 cm.
500 _aIncluye datos biográficos del autor en la contracubierta
500 _aBibliografía: p. 121-130
590 _aInventariado, 2018/VM
650 4 _aZonas francas
_zRepública Dominicana
_98349
650 4 _aZonas industriales de exportación
_zRepública Dominicana
_98350
651 4 _aRepública Dominicana
_xComercio Exterior
_97912
650 0 _a Competencia económica
_98351
700 1 2 _aGerardino, Frederic emam-Zadé
_epról.
_98352
910 _aJornada de catalogación
999 _c2484
_d2484